| 000 | 00753nam a2200217 a 4500 | ||
|---|---|---|---|
| 999 |
_c6607 _d6607 |
||
| 001 | 6607 | ||
| 003 | BD-JhCC | ||
| 005 | 20220223085206.0 | ||
| 008 | 180127s2008 bg |||| ||a| 000 0 ben d | ||
| 035 | _a(BD-JhCC)6607 | ||
| 040 |
_aBD-JhCC _dBD-JhCC |
||
| 041 | _aben | ||
| 082 |
_a200 _bRAS 2008 |
||
| 100 | _aহারুন-উর-রশিদ, মোহাম্মদ | ||
| 245 |
_aধর্মের নান্দনিকতা ও অন্যান্য প্রসঙ্গ / _cমোহাম্মদ হারুন-উর-রশিদ, |
||
| 260 |
_aঢাকা : _bঅ্যাডর্ন পাবলিকেশেন্স, _c2008 |
||
| 300 |
_a175 p. : _c24 cm. |
||
| 650 | _aReligion | ||
| 942 |
_2ddc _cBK |
||